Pelan pemulihan ekonomi negara : Agenda tindakan

Bibliographic Details
Corporate Author: Majlis tindakan ekonomi Negara
Format: Book
Language:Malay
Published: Kuala Lumpur : Unit Perancang Ekonomi 1998
Subjects:

MARC

LEADER 00000cam a2200000 7i4500
001 0000007948
005 20240913.0
008 240418 my may
040 |a INS   |b eng   |e rda 
090 0 0 |a RHC445.5   |b .P45 1998 
245 1 0 |a Pelan pemulihan ekonomi negara :   |b Agenda tindakan   |c Majlis Tindakan Ekonomi Negara 
264 1 |a Kuala Lumpur :   |b Unit Perancang Ekonomi   |c 1998 
300 |a 12 pages ;   |c 19 cm. 
336 |a text  |2 rdacontent 
337 |a unmediated  |2 rdamedia 
338 |a volume  |2 rdacarrier 
500 |a Kenyataan Akhbar Y.B. Tun Daim Zainuddin, Menteri Tugas-Tugas Khas/Pengarah Eksekutif MTEN, 23 Julai 1998 
651 0 |a Malaysia   |x Economic Conditions 
651 0 |a Malaysia   |x Economic Policy 
710 2 |a Majlis tindakan ekonomi Negara 
999 |a 0000023093   |b BOOK   |c Red Spot   |e Default branch 
999 |a 0000023245   |b BOOK   |c Red Spot   |e Default branch